Children's human body encyclopedia
| Main Author: | |
|---|---|
| Format: | Book |
| Published: |
New York :
Parragon Publishers ,
2008
|
| Subjects: |
MARC
| LEADER | 00000cam a2200000 7i4500 | ||
|---|---|---|---|
| 001 | 0000025592 | ||
| 005 | 20151222.0 | ||
| 008 | 090310 | ||
| 020 | |a 1407517568 | ||
| 090 | 0 | 0 | |a JF |b ENC ENG |
| 100 | 1 | |a Parker, Steve | |
| 245 | 1 | 0 | |a Children's human body encyclopedia |c Steve Parker |
| 260 | |a New York : |b Parragon Publishers , |c 2008 | ||
| 500 | |a Children ages 10-12 years old (pink) | ||
| 650 | 0 | |a Human bodies |x encyclopedias | |
| 650 | 0 | |a Junior fiction |x English |x language | |
| 999 | |a 0001040135 |b Book |c Children Collection |e Perbadanan Perpustakaan Awam Johor | ||